| 000 | 00378cam a2200145u 4500 | ||
|---|---|---|---|
| 082 |
_a330.1 _bSCO |
||
| 100 | 1 |
_aScott, H. M. _949206 |
|
| 245 | 1 | 4 | _aThe approach to economics, |
| 260 |
_aLondon [etc.] _bChristophers _c[1932] |
||
| 300 |
_axi, 215p. _c19cm |
||
| 526 |
_a0 _b0 _c0 _d330_100000000000000_SCO |
||
| 650 | 0 |
_aEconomics. _91437 |
|
| 650 | 0 |
_aMCE _9379 |
|
| 942 |
_2ddc _cBK |
||
| 999 |
_c552018 _d552018 |
||